2025 NFL Third Round Picks - Statistics

General Stats
  • This quiz has been taken 28 times
  • The average score is 22 of 38
Answer Stats
Pick Team Player Position College % Correct
94 Browns Dillon Gabriel QB Oregon
100%
92 Seahawks Jalen Milroe QB Alabama
100%
91 Ravens Emery Jones OT LSU
83%
66 Browns Harold Fannin Jr TE Bowling Green
83%
83 Steelers Kaleb Johnson HB Iowa
83%
69 Patriots Kyle Williams WR Washington State
83%
85 Chiefs Nohl Williams CB California
83%
87 Packers Savion Williams WR TCU
83%
79 Texans Jaylin Noel WR Iowa State
75%
74 Broncos Pat Bryant WR Illinois
75%
76 Cowboys Shavon Revel CB East Carolina
75%
96 Falcons Xavier Watts S Notre Dame
75%
66 Chiefs Ashton Gillotte DE Louisville
67%
73 Jets Azareye’h Thomas CB Florida State
67%
70 Lions Isaac TeSlaa WR Arkansas
67%
95 Patriots Jared Wilson C Georgia
67%
68 Raiders Darien Porter CB Iowa State
58%
65 Giants Darius Alexander DT Toledo
58%
93 Saints Jonas Sanker S Virginia
58%
82 Titans Kevin Winston Jr S Penn State
58%
72 Bills Landon Jackson DE Arkansas
58%
102 Vikings Tai Felton WR Maryland
58%
77 Panthers Princely Umanmielen DE Mississippi
50%
89 Jaguars Wyatt Milum OG West Virginia
50%
88 Jaguars Caleb Ransaw CB Tulane
42%
81 Bengals Dylan Fairchild OG Georgia
42%
84 Buccaneers Jacob Parrish CB Kansas State
42%
86 Chargers Jamaree Caldwell DT Oregon
42%
78 Cardinals Jordan Burch DE Oregon
42%
90 Rams Josaiah Stewart DE Michigan
42%
99 Raiders Charles Grant OT William & Mary
33%
75 49ers Nick Martin LB Oklahoma State
33%
100 49ers Upton Stout CB Western Kentucky
33%
71 Saints Vernon Broughton DT Texas
33%
80 Colts Justin Walley CB Minnesota
25%
98 Raiders Caleb Rogers OT Texas Tech
17%
97 Texans Jaylin Smith CB USC
17%
101 Broncos Sal’vion Jones DE LSU
0%
No matching quizzes found
Score Distribution
Percent of People with Each Score
Percentile by Number Answered
Your Score History
You have not taken this quiz